000 00222nam a2200097Ia 4500
005 20251222114411.0
008 251222s1900||||xx |||||||||||||| ||spa||
082 _aDVD0050/B64/BR
245 0 _aSector 9:District 9
942 _cDVD
999 _c2023
_d2023